Автоматизированная система управления энергообеспечения с использованием возобновляемых источников энергии; Современные техника и технологии; Т. 3

Podrobná bibliografie
Parent link:Современные техника и технологии: сборник трудов XVI Международной научно-практической конференции студентов, аспирантов и молодых ученых, Томск, 12-16 апреля 2010 г/ Национальный исследовательский Томский политехнический университет (ТПУ).— , 2010
Т. 3.— 2010.— [С. 309-310]
Hlavní autor: Волошин И. Н.
Další autoři: Тлеуов А. Х. (научный руководитель)
Shrnutí:Заглавие с титульного листа
Электронная версия печатной публикации
Jazyk:ruština
Vydáno: 2010
Témata:
On-line přístup:http://www.lib.tpu.ru/fulltext/c/2010/C01/V1/145.pdf
Médium: MixedMaterials Elektronický zdroj Kapitola
KOHA link:https://koha.lib.tpu.ru/cgi-bin/koha/opac-detail.pl?biblionumber=236369

MARC

LEADER 00000naa2a2200000 4500
001 236369
005 20260415140930.0
035 |a (RuTPU)RU\TPU\book\257529 
035 |a RU\TPU\book\257527 
090 |a 236369 
100 |a 20130423d2010 k y0rusy50 ca 
101 0 |a rus 
102 |a RU 
135 |a drnn ---uucaa 
181 0 |a i  
182 0 |a b 
200 1 |a Автоматизированная система управления энергообеспечения с использованием возобновляемых источников энергии  |f И. Н. Волошин, А. Х. Тлеуов  |g науч. рук. А. Х. Тлеуов 
203 |a Текст  |c электронный 
215 |a 1 файл (173 Кб) 
300 |a Заглавие с титульного листа 
300 |a Электронная версия печатной публикации 
337 |a Adobe Reader 
461 1 |0 (RuTPU)RU\TPU\book\245271  |t Современные техника и технологии  |o сборник трудов XVI Международной научно-практической конференции студентов, аспирантов и молодых ученых, Томск, 12-16 апреля 2010 г  |o в 3 т.  |f Национальный исследовательский Томский политехнический университет (ТПУ)  |d 2010 
463 1 |0 (RuTPU)RU\TPU\book\255783  |t Т. 3  |v [С. 309-310]  |d 2010 
610 1 |a электронный ресурс 
610 1 |a автоматизированные системы управления 
610 1 |a энергообеспечение 
610 1 |a возобновляемые источники энергии 
610 1 |a структура 
610 1 |a управление 
610 1 |a моделирование процесса 
700 1 |a Волошин  |b И. Н. 
701 1 |a Тлеуов  |b А. Х. 
702 1 |a Тлеуов  |b А. Х.  |4 727 
801 1 |a RU  |b 63413507  |c 20130213 
801 2 |a RU  |b 63413507  |c 20130522  |g RCR 
856 4 |u http://www.lib.tpu.ru/fulltext/c/2010/C01/V1/145.pdf 
942 |c CF